[Event "HUN-chT U18"]
[Site "Hajduboszormeny"]
[Date "2016.11.02"]
[Round "1.45"]
[White "Radacsi, Marton"]
[Black "Acs, Petra"]
[Result "1/2-1/2"]
[WhiteElo "1756"]
[BlackElo "1685"]
[PlyCount "47"]
[EventDate "2016.11.02"]
[EventType "team-swiss"]
[EventRounds "8"]
[EventCountry "HUN"]
[SourceTitle "CBM 175 Extra"]
[Source "ChessBase"]
[SourceDate "2016.12.12"]
[SourceVersion "1"]
[SourceVersionDate "2016.12.12"]
[SourceQuality "1"]

1. e4 e6 2. d4 d5 3. Nd2 dxe4 4. Nxe4 Bd7 5. Nf3 Bc6 6. Bd3 Nd7 7. Be3 Ngf6 8. Nxf6+ Qxf6 9. Bg5 Bxf3 10. Qc1 Qxd4 11. gxf3 Ne5 12. Be4 f5 13. c3 Qb6 14. f4 Ng4 15. Qd2 fxe4 16. 0-0-0 Bd6 17. Bh4 Nf6 18. Rhg1 Kf7 19. f5 Be7 20. Bxf6 gxf6 21. Qh6 Rag8 22. Qh5+ Kf8 23. Qh6+ Kf7 24. Qh5+ 1/2-1/2

[Event "HUN-ch U16"]
[Site "Balatonlelle"]
[Date "2016.06.27"]
[Round "5"]
[White "Toth, Tamas"]
[Black "Radacsi, Marton"]
[Result "1-0"]
[WhiteElo "2060"]
[BlackElo "1729"]
[PlyCount "65"]
[EventDate "2016.06.24"]
[EventType "swiss"]
[EventRounds "9"]
[EventCountry "HUN"]
[SourceTitle "CBM 173 Extra"]
[Source "ChessBase"]
[SourceDate "2016.08.29"]
[SourceVersion "1"]
[SourceVersionDate "2016.08.29"]
[SourceQuality "1"]

1. e4 e6 2. d4 d5 3. Nd2 Nf6 4. e5 Nfd7 5. Bd3 c5 6. c3 Qb6 7. Ngf3 Nc6 8. 0-0 cxd4 9. cxd4 Nxd4 10. Nxd4 Qxd4 11. Nf3 Qb6 12. Qc2 h6 13. Be3 Bc5 14. Bd2 a5 15. Rab1 Qa7 16. Qa4 b6 17. Qg4 Kf8 18. a3 Ba6 19. Bxa6 Qxa6 20. b4 axb4 21. axb4 Be7 22. Qd4 Qc4 23. Ra1 Rd8 24. Qb2 Qc7 25. Rfc1 Qb8 26. Rc6 Kg8 27. Rac1 Kh7 28. Rc7 Rhe8 29. Qc2+ Kg8 30. Qc6 Nf8 31. Rb7 Qc8 32. Qxc8 Rxc8 33. Rxc8 1-0

[Event "HUN-ch U16"]
[Site "Balatonlelle"]
[Date "2015.06.24"]
[Round "7"]
[White "Koltai, Daniel"]
[Black "Radacsi, Marton"]
[Result "0-1"]
[WhiteElo "1680"]
[BlackElo "1585"]
[PlyCount "54"]
[EventDate "2015.06.18"]
[EventType "swiss"]
[EventRounds "7"]
[EventCountry "HUN"]
[SourceTitle "CBM 167 Extra"]
[Source "ChessBase"]
[SourceDate "2015.09.14"]
[SourceVersion "1"]
[SourceVersionDate "2015.09.14"]
[SourceQuality "1"]

1. e4 e6 2. d4 d5 3. e5 c5 4. c3 Qb6 5. Nf3 Nc6 6. Na3 Bd7 7. Nc2 cxd4 8. cxd4 Nge7 9. Be2 Ng6 10. 0-0 Be7 11. Be3 0-0 12. Qd2 Rac8 13. Rfc1 Rc7 14. a3 Na5 15. Nb4 Rxc1+ 16. Rxc1 Nb3 17. Qe1 Nxc1 18. Bxc1 Rc8 19. Bd2 Bb5 20. Bc3 Bxe2 21. Qxe2 a5 22. Nd3 Bxa3 23. Bxa5 Qxa5 24. bxa3 Qxa3 25. g3 b5 26. Nc5 b4 27. Qb5 Qxf3 0-1